| 000 | 00000nam##2200000za#4500 |
| 001 | 9.531382 |
| 003 | CaOODSP |
| 005 | 20210615083056 |
| 007 | ta |
| 008 | 150406|1998||||xxc||||| f|0| 0 eng|d |
| 020 | |a0-662-63959-6 |
| 040 | |aCaOODSP|beng |
| 041 | |aeng |
| 041 | |afre |
| 043 | |an-cn--- |
| 086 | 1 |aC21-27/2-1998-4 |
| 110 | 1 |aCanada. |bIndustry Canada. |
| 245 | 10|aEconomics and the environment : |bthe recent Canadian experience and prospects for the future / |cby Brian R. Copeland. |
| 260 | |aOttawa - Ontario : |bIndustry Canada |c1998. |
| 300 | |aEnglish text, 76p. : |breferences, tables ; |c23 cm. |
| 490 | 1 |aCanada in the XXIst century. II, Resources and technology|vNo. 8 |
| 546 | |aBilingual |
| 563 | |aSoftcover |
| 590 | |a99-43|b1999-10-29 |
| 690 | 07|aEnvironmental policy|2gcpds |
| 690 | 07|aEnvironmental technology|2gcpds |
| 720 | 1 |aCopeland, Brian |
| 776 | 0#|tEconomics and the environment : |w(CaOODSP)9.571954 |
| 776 | 0#|tÉconomie et environnement : |w(CaOODSP)9.602374 |
| 792 | |tÉconomie et environnement : |efre|w(CaOODSP)9.531383 |
| 830 | #0|aCanada in the XXIst century. II, Resources and technology ;|vNo. 8|w(CaOODSP)9.509064 |